Normal view
MARC view
- Trace analysis
Entry Topical Term
001 - CONTROL NUMBER
- control field: 6547
003 - CONTROL NUMBER IDENTIFIER
- control field: NUST
005 - DATE AND TIME OF LATEST TRANSACTION
- control field: 20171120115824.0
008 - FIXED-LENGTH DATA ELEMENTS
- fixed length control field: 171120|| aca||aabn | a|a d
040 ## - CATALOGING SOURCE
- Original cataloging agency: NUST
- Transcribing agency: NUST
150 ## - HEADING--TOPICAL TERM
- Topical term or geographic name entry element: Trace analysis
- General subdivision: Methodology.
670 ## - SOURCE DATA FOUND
- Source citation: Work cat.: (NUST)0: Dean, John R. 877, Methods for environmental trace analysis /, c2003.
